01259nam a22003137a 4500003000400000005001700004008004100021040002200062082001800084100002500102245003000127260006000157300002100217366000800238490002700246505001200273505006400285505006100349505014600410505001200556650005500568650004700623650004800670650004300718650004500761650005600806650004700862700003600909OSt20230622082942.0221006b |||||||| |||| 00| 0 eng d cBiblioteca Lado V a709.05bG851a aGriffin, Timeeditor aArtforum/bInternacional/ aNew Yorkc2003bNew York editorial and business offices c26.5x27cma160p. eeng aENEROv2003x0864-1315 tLETTERS tCOLUMNSaPASSAGES FILM BOOKS MUSIC TOP TEN 10-20-30-40 tPREVIEWaWINTER EXHIBITIONS TRAVEL BRIEF FROM DE VAULT tFEATURESaANNLEE: SIGN OF THE TIMES CENTERFOLD A THOUSAND WORDS: MALERIE MARDER THE RITE STUFF: ART-RITE FIRST TAKE: NEW ART, NEW ARTISTS tREVIEWS 2Tesauro de Arte & ArquitecturaaARTE COMTEMPORANEO 2Tesauro de Arte & ArquitecturaaFOTOGRAFIA 2Tesauro de Arte & ArquitecturaaARTE VISUAL 2Tesauro de Arte & ArquitecturaaLIBROS 2Tesauro de Arte & ArquitecturaaNOTICIAS 2 Tesauro de Arte & ArquitecturaaARTE INTERNACIONAL 2 Tesauro de Arte & ArquitecturaaESCULTURA aNavarreta, Jose Antonioeeditor